|
|
|
|
| LEADER |
00929nam a2200337 4500 |
| 001 |
DLU070060754 |
| 005 |
##20070907 |
| 040 |
# |
# |
|a DLU
|b vie
|
| 041 |
# |
# |
|a vie
|
| 044 |
# |
# |
|a vn
|
| 082 |
# |
# |
|a 895.922 1
|b Tho
|
| 245 |
# |
# |
|a Thơ Tú Mỡ - Những lời bình /
|c Mai Hương tuyển chọn và biên soạn
|
| 260 |
# |
# |
|a H. :
|b Văn hoá - Thông tin,
|c 2006.
|
| 300 |
# |
# |
|a 414 tr. ;
|c 21 cm.
|
| 490 |
# |
# |
|a Tủ sách văn học trong nhà trường
|
| 653 |
# |
# |
|a Bình luận văn học.
|
| 653 |
# |
# |
|a Tú Mỡ,
|d 1900-1976
|
| 653 |
# |
# |
|a Thơ trào phúng.
|
| 653 |
# |
# |
|a Văn học hiện đại.
|
| 653 |
# |
# |
|a Văn học Việt Nam.
|
| 700 |
# |
# |
|a Mai Hương,
|e tuyển chọn và biên soạn
|
| 923 |
# |
# |
|a 17/2007
|
| 992 |
# |
# |
|a 43000
|
| 994 |
# |
# |
|a DLU
|
| 900 |
# |
# |
|a True
|
| 911 |
# |
# |
|a Đào Thị Thu Huyền
|
| 925 |
# |
# |
|a G
|
| 926 |
# |
# |
|a A
|
| 927 |
# |
# |
|a SH
|
| 980 |
# |
# |
|a Thư viện Trường Đại học Đà Lạt
|